000 00348nam a2200145Ia 4500
008 150201s2002 xx 000 0 und d
082 _a617.5
_bE2002B
100 _aBURKITT H.GEORGE
245 _aESSENTIAL SURGERY
250 _a3RD
260 _bCHURCHILL LIVINGSTONE
_aEDINBURGH
_c2002
300 _a1-704
650 _aSURGERY
942 _2ddc
_cBK
999 _c3180
_d3180